000
00303nam a22001337a 4500
008
180924b xxu||||| |||| 00| 0 eng d
020
_a
9781886775077
041
_a
eng
080
_a
617
100
_a
5
101
_a
KIR
245
_a
Geriatrics Syllabus for Specialists
_c
Katz, P.R
942
_2
udc
_c
BK
999
_c
48366
_d
48366